000 01085nam0a22002291 4500
001 rc\4133966
005 20260407170727.0
035 _a(NLR Aleph) 007986228
090 _a8550625
_c8550625
100 _a20130415d1956 |||y0rusy50 ca
101 0 _arus
102 _aRU
105 _ay j |||||
200 1 _aРекомендации Научно-методического совещания по вопросам селекции пшеницы и кукурузы
_eСовещание проведено в г. Харькове 14-18 марта 1956 г.
_fУкр. науч.-исслед. ин-т растениеводства, селекции и генетики М-ва с. х. УССР
210 _aХарьков
_cБ. и.
_d1956
215 _a8 с.
_d20
710 1 2 _aНаучно-методическое совещание по вопросам селекции пшеницы и кукурузы
_eХарьков
_f1956
_9713730
_3RU\NLR\AUTH\8810106766
801 0 _aRU
_bNLR
_gpsbo
801 1 _aRU
_bELAR
_2rusmarc
852 _aNLR
_jС50 Г-4/5698
942 _cBOOK
980 _aNB